000 00260nam a22000977a 4500
005 20250901165303.0
008 210304b ||||| |||| 00| 0 eng d
050 _aR728.8
245 _a Clinical processes
_cCORMIER
942 _2lcc
_hR728.8 .C67 2008
999 _c1601
_d1601